Normal view
MARC view
- Mochel, Myron G
Entry Personal Name
001 - CONTROL NUMBER
- control field: 40612
003 - CONTROL NUMBER IDENTIFIER
- control field: NUST
005 - DATE AND TIME OF LATEST TRANSACTION
- control field: 20210314131827.0
008 - FIXED-LENGTH DATA ELEMENTS
- fixed length control field: 210314|| aca||aabn | a|a d
040 ## - CATALOGING SOURCE
- Original cataloging agency: NUST
- Transcribing agency: NUST
100 ## - HEADING--PERSONAL NAME
- Personal name: Mochel, Myron G
670 ## - SOURCE DATA FOUND
- Source citation: Work cat.: (NUST): Mochel, Myron G, Fundamentals of Engineering Graphics, 1960.
